00649nam a2200181Ia 4500952012800000999001700128003000400145005001700149008004100166020001800207040000900225082001800234100003200252245008600284260004600370300000900416942004200425 00102ddc40708LAWaMESbMEScLAWd2019-02-20g880.00l0o345.54 MIS/Cp38876r2019-02-20 00:00:00w2019-02-20yBKzGL9R5 c21854d21854OSt20200608112427.0190216s9999||||xx |||||||||||||| ||und|| a9789381136768 coclc a345.54bMIS/C aMishra, Ranjan Kumar 92615 0aConstitutional Rights Of Accused And Other Protective Laws /cRanjan Kumar Mishra bAbhijeet Publications,c2012.aNew Delhi: a242p cBK2ddch345.54iMIS/Ck345.54mMIS/C